| 000 | 00886nam a2200217Ia 4500 | ||
|---|---|---|---|
| 999 |
_c39373 _d39373 |
||
| 001 | 5962 | ||
| 003 | GE_BSU | ||
| 005 | 20190628163120.0 | ||
| 008 | 181216s2011||||ge |||||||||||||| ||geo|| | ||
| 020 | _a9789941914904 | ||
| 040 | _cGE_BSU | ||
| 041 | _ageo | ||
| 080 | _a821.133.1-31 ს-25 | ||
| 100 |
_aსანდრარი, ბლეზ _93069 |
||
| 245 |
_aოქრო ; რომი : _b[დოკუმენტ. რომანები] / _cბლეზ სანდრარი ; ფრანგ. თარგმნა გურანდა დათაშვილმა. |
||
| 264 |
_aთბილისი : _bაგორა, _c2011. |
||
| 300 |
_a237 გვ. ; _b20 სმ. |
||
| 653 | _aდოკუმენტური რომანი | ||
| 700 |
_aდათაშვილი, გურანდა _eმთარგმნელი _93070 |
||
| 942 |
_cBK _2udc |
||